00530nam a2200193 a 4500001001300000003000900013005001700022008004100039020001000080082002000090100001600110245006900126260003300195300000900228500003500237650001800272650003000290700001600320nice12345678IN_TiNIC20260116015109.0070620s1954 newa grp 000 0 eng  ac10000a909.097671bFER aFernau, F W aMoslems on the Marchb People and Politics in the World of Islam aNew YorkbAlfred Knopfc1954 a312p aincludes index and biblioraphy aIslam-History aIslamic-Countries History1 aFernau, F W